OPAC Home

On the distribution of the fresh - water eels ( Anguilla) throughout the world (Record no. 234915)

MARC details
000 -LEADER
fixed length control field 00611nam a22002057a 4500
003 - CONTROL NUMBER IDENTIFIER
control field LK-CoDNM
005 - DATE AND TIME OF LATEST TRANSACTION
control field 20250106093532.0
008 - FIXED-LENGTH DATA ELEMENTS--GENERAL INFORMATION
fixed length control field 250103b |||||||| |||| 00| 0 eng d
040 ## - CATALOGING SOURCE
Original cataloging agency LK-CoDNM
Modifying agency LK-CoDNM
Description conventions LK-CoDNM
041 ## - LANGUAGE CODE
Language code of text/sound track or separate title English
080 ## - UNIVERSAL DECIMAL CLASSIFICATION NUMBER
Universal Decimal Classification number 4
Item number C15
942 ## - ADDED ENTRY ELEMENTS (KOHA)
Koha item type Books
100 ## - MAIN ENTRY--PERSONAL NAME
Personal name schmidt johs.
245 ## - TITLE STATEMENT
Title On the distribution of the fresh - water eels ( Anguilla) throughout the world
246 ## - VARYING FORM OF TITLE
Title proper/short title ii. ando -pacific region a bio -geographical investigation
260 ## - PUBLICATION, DISTRIBUTION, ETC. (IMPRINT)
Place of publication, distribution, etc. kobenhavn
Date of publication, distribution, etc. 1925
Name of publisher, distributor, etc. colombo museum
300 ## - PHYSICAL DESCRIPTION
Extent 382p. : ill ; 27 cm
650 ## - SUBJECT ADDED ENTRY--TOPICAL TERM
Topical term or geographic name as entry element science
650 ## - SUBJECT ADDED ENTRY--TOPICAL TERM
Topical term or geographic name as entry element animal

No items available.

Copyright © 2023 Department of National Museum, Colombo 07, Sri Lanka Funded by UNESCO IFAP UNESCO